000 00496nam a2200169Ia 4500
003 GCL
008 140319s9999 xx 000 0 ara d
040 _aGCL /
_cGCL
082 0 4 _a813.01
_bع م
100 1 _aعبدالفتاح الجمل
245 1 0 _aاحلام تراتراستور /
_cعبدالفتاح الجمل
300 _a79 ص
490 _aادب الجماهير
_v0
650 0 4 _aالادب العربى
650 0 4 _aالقصص العربية القصيرة
942 _2ddc
_cBK
999 _c46858
_d46858